'Democratic' Countries - Statistics

General Stats
  • This quiz has been taken 26 times
  • The average score is 2 of 8
Answer Stats
Continent Country % Correct
Democratic Republic of the Congo
100%
Democratic People's Republic of Korea
67%
Asia Democratic Republic of Timor-Leste
17%
Africa People's Democratic Republic of Algeria
17%
Democratic Socialist Republic of Sri Lanka
13%
Federal Democratic Republic of Ethiopia
13%
Federal Democratic Republic of Nepal
13%
Democratic Republic of São Tomé and Príncipe
4%
No matching quizzes found
Score Distribution
Percent of People with Each Score
Percentile by Number Answered
Your Score History
You have not taken this quiz